Vianoce v Sniežkove

Saved in:
Bibliographic Details
Main Author Macho, Adrián
Other Authors Eliška Kramerová
Format Electronic eBook
LanguageCzech
Published Bambook SK 2023
Edition1. elektronické vydání
Subjects
Online AccessDostupné v BOOKPORT po přihlášení pomocí eduID
ISBN978-80-8090-671-9
978-80-8090-670-2
Physical Description1 online zdroj (32 stran)

Cover

LEADER 00000nam a2200000 i 4500
001 bkp100227
003 CZ-prgp
005 20260304115307.0
006 m o d
007 cr cn
008 260304s2023 xr o 000 0 cze
020 |a 978-80-8090-671-9  |c 276 Kč  |q (online ; pdf) 
020 |a 978-80-8090-670-2  |c 325 Kč  |q (print) 
040 |a Grada  |b cze  |e rda 
100 1 |a Macho, Adrián 
245 1 0 |a Vianoce v Sniežkove  |c Adrián Macho, Eliška Kramerová 
250 |a 1. elektronické vydání 
264 1 |b Bambook SK  |c 2023 
300 |a 1 online zdroj (32 stran) 
336 |a text  |b txt  |2 rdacontent 
337 |a počítač  |b c  |2 rdamedia 
338 |a online zdroj  |b cr  |2 rdacarrier 
520 3 |a Vianoce sú časom zázrakov a spolupatričnosti. Presvedčia sa o tom aj zvieratká v Malej studenej doline v Snežných horách, ktoré čaká jedno veľké sviatočné dobrodružstvo. 
650 0 4 |a Pohádky 
700 1 |a Eliška Kramerová 
856 4 0 |u https://www.bookport.cz/AccountSaml/SignIn/?idp=https://shibboleth.utb.cz/idp/shibboleth&returnUrl=/kniha/vianoce-v-sniezkove-15851/  |y Dostupné v BOOKPORT po přihlášení pomocí eduID